US States Less Populated Than Ireland Quiz Stats

 Plays Quiz Updated Apr 27, 2018

Challenge
Share
Tweet
Embed
Score 0/27 Timer 03:00
1 Play Today
% Correct
Alaska
92.7%
Delaware
90.6%
Maine
90.1%
Idaho
89.7%
North Dakota
88.7%
Rhode Island
88.5%
Montana
88.5%
Wyoming
88.1%
South Dakota
87.3%
Vermont
86.5%
Iowa
86.4%
Hawaii
85%
Nebraska
84.7%
New Hampshire
83.7%
% Correct
Arkansas
79.4%
Utah
77.9%
Kansas
77.6%
Connecticut
77.2%
West Virginia
73.6%
New Mexico
68%
Oklahoma
64.7%
Nevada
63.1%
Mississippi
62.4%
Kentucky
62.4%
Alabama
61%
Oregon
54.4%
Louisiana
40.1%

You're not logged in!

Compare scores with friends on all Sporcle quizzes.
Join for Free
OR
Log In

You Might Also Like...

Show Comments

Extras

Top Quizzes Today


Score Distribution

Your Account Isn't Verified!

In order to create a playlist on Sporcle, you need to verify the email address you used during registration. Go to your Sporcle Settings to finish the process.

Report this User

Report this user for behavior that violates our Community Guidelines.

Details: